| 000 | 00391nam a2200157Ia 4500 | ||
|---|---|---|---|
| 008 | 230524s9999 xx 000 0 und d | ||
| 082 |
_a610.32 _bMOH |
||
| 100 |
_aHarsh Mohan _923719 |
||
| 245 | 0 | _aEssential Pathology for Dental Students | |
| 250 | _a3RD | ||
| 260 |
_aNEW DELHI _bJaypee _c2005 |
||
| 300 | _aX;567 | ||
| 500 | _aQuantity Number: 1 | ||
| 650 | _aBiomedical | ||
| 942 | _cBK | ||
| 999 |
_c35256 _d35256 |
||